00237nam a2200097 4500020001800000082002200018100001700040245003600057260003900093300000700132 a9789552314162 a541.3 BANb007626 aBandarage,G. aEssential Theory of Experiments bOpen University of Sri Lankac2013 a66